000 00918nam a2200241Ii 4500
003 JO-AjNU
008 230605s9999||||xx |||||||||||||| ||und||
017 _a98/7066
020 _a977-5673-16-X
040 _aJO-AjNU
_bara
_erda
_cJO-AjNU
041 _aara
050 1 4 _aHG4028.1997
100 3 _aندوة موازنة الأداء والبرامج (1997 : القاهرة),
_eauthor
_932913
245 0 0 _aأوراق ووقائع ندوة موازنة الأداء والبرامج 
250 _aط1
264 3 1 _aالقاهرة: المنظمة العربية للتنمية الإدارية، 2007
300 _a275ص
336 _atext
_btxt
_2rdacontent
337 _aunmediated
_bn
_2rdamedia
338 _avolume
_bnc
_2rdacarrier
490 0 _a(8) سلسلة ندوات ومؤتمرات
650 4 _aالميزانية -- مؤتمرات -- السياسة المالية -- مؤتمرات ط1
_932914
999 _aA13341
_c16909
_d16909